00509nam a22001697a 450000500170000001000150001702000290003203500140006103700130007508200120008810000240010024500630012426000460018727000460023330000210027950000390030020180904151011.0 aENG-123960 c395.00 a9789386708601 aEN-107492 bDBAD/PUB a181.493 aBhattacharjee, Amit aUnderstanding buddhist philosophy /cby Amit Bhattacharjee aKolkatabParul Prakashani Pvt. Ltd.c2017 bKolkataa8/3 Chintamoni Das Lane e700009 a148pc22cm.(Hb.) aIt includes index and bibliography